International journal of Islamic thought
| Format: | Electronic Journal |
|---|---|
| Language: | English Arabic Malay |
| Published: |
[Kuala Lumpur], Malaysia :
Department of Theology and Philosophy, Faculty of Islamic Studies, Universiti Kebangsaan Malaysia and MALAYSIAInternational Society of Muslim Philosophers and Theologians.
|
| Subjects: | |
| Online Access: | Full text available from Research Library: 06/01/2012 to present |
MARC
| LEADER | 00000nas a2200000 i 4500 | ||
|---|---|---|---|
| 001 | ssj0001341870 | ||
| 003 | WaSeSS | ||
| 005 | 20200512172242.0 | ||
| 006 | m d | ||
| 007 | cr n | ||
| 008 | 130520c20129999my fr p s 0 0eng c | ||
| 010 | |a 2014252024 | ||
| 022 | |a 2289-6023 |y 2232-1314 | ||
| 035 | |a (WaSeSS)ssj0001341870 | ||
| 040 | |a HNK |b eng |c HNK |d NTE |d OCLCF |d CUS |d WAU |d OCLCQ |d CUS |d OCLCQ |d WaSeSS | ||
| 041 | 0 | |a eng |a ara |a may | |
| 042 | |a pcc | ||
| 050 | 1 | 4 | |a BP1 |
| 245 | 0 | 0 | |a International journal of Islamic thought |h [electronic resource]. |
| 246 | 1 | 3 | |a IJIT |
| 260 | |a [Kuala Lumpur], Malaysia : |b Department of Theology and Philosophy, Faculty of Islamic Studies, Universiti Kebangsaan Malaysia and MALAYSIAInternational Society of Muslim Philosophers and Theologians. | ||
| 310 | |a Semiannual | ||
| 362 | 1 | |a Began with: Vol. 1 (June 2012). | |
| 506 | |a License restrictions may limit access. | ||
| 546 | |a In English, Arabic and Malay. | ||
| 588 | |a Description based on: Vol. 1 (June 2012); title from journal home page (publisher's Web site, viewed May 21, 2013). | ||
| 588 | |a Latest issue consulted: Vol. 5 (June 2014) (publisher's Web site, viewed Dec. 2, 2014). | ||
| 650 | 0 | |a Islam |x Doctrines |v Periodicals. | |
| 650 | 0 | |a Islam and philosophy |v Periodicals. | |
| 650 | 7 | |a Islam and philosophy. |2 fast |0 (OCoLC)fst00979877 | |
| 650 | 7 | |a Islam |x Doctrines. |2 fast |0 (OCoLC)fst00979787 | |
| 655 | 0 | |a Electronic journals. | |
| 776 | 0 | 8 | |i Print version: |t International journal of Islamic thought |x 2232-1314 |w (OCoLC)849684267 |
| 856 | 4 | 0 | |z Full text available from Research Library: 06/01/2012 to present |u https://search.proquest.com/publication/2037658 |